UBT Library

Dictionary of law / (Record no. 42261)

000 -LEADER
fixed length control field 00699cam a2200253 a 4500
001 - CONTROL NUMBER
control field 13859357
005 - DATE AND TIME OF LATEST TRANSACTION
control field 20180209072937.0
008 - FIXED-LENGTH DATA ELEMENTS--GENERAL INFORMATION
fixed length control field 050202s1999 ilu d 000 0 eng d
010 ## - LIBRARY OF CONGRESS CONTROL NUMBER
LC control number 2005357110
020 ## - INTERNATIONAL STANDARD BOOK NUMBER
International Standard Book Number 1579581552
035 ## - SYSTEM CONTROL NUMBER
System control number (OCoLC)ocm42033439
040 ## - CATALOGING SOURCE
Original cataloging agency JDY
Transcribing agency JDY
Modifying agency ZBL
-- MUQ
-- OCLCQ
-- DLC
041 ## - LANGUAGE CODE
Language code of text/sound track or separate title eng
042 ## - AUTHENTICATION CODE
Authentication code lccopycat
043 ## - GEOGRAPHIC AREA CODE
Geographic area code e-uk---
-- n-us---
080 ## - UNIVERSAL DECIMAL CLASSIFICATION NUMBER
Universal Decimal Classification number 349.4103 STE
082 00 - DEWEY DECIMAL CLASSIFICATION NUMBER
Classification number 349.4103 STE
Edition number 22
100 ## - Rafti
Rafti 15
101 ## - Shkurtesa
Shkurtesa JUR
245 00 - TITLE STATEMENT
Title Dictionary of law /
Statement of responsibility, etc editor, P.H. Collin.
906 ## - LOCAL DATA ELEMENT F, LDF (RLIN)
a 7
b cbc
c copycat
d 2
e ncip
f 20
g y-gencatlg
942 ## - ADDED ENTRY ELEMENTS (KOHA)
Source of classification or shelving scheme
Item type Books
Holdings
Withdrawn status Lost status Source of classification or shelving scheme Damaged status Not for loan Collection code Permanent location Current location Shelving location Date acquired Total Checkouts Full call number Barcode Date last seen Price effective from Koha item type
          Koleksioni i përgjithshem UBT - Lipjan UBT - Lipjan Koleksioni i përgjithshem 02/09/2018   349.4103 STE 002-2999136 02/09/2018 02/09/2018 Books
UBT Library © 2015-2024. All rights reserved University Education for Business and Technology